| 000 | 01408cam a22003737a 4500 | ||
|---|---|---|---|
| 003 | CHAP | ||
| 005 | 20220329142721.0 | ||
| 008 | 030128d2002 mx ab r 00110 spa d | ||
| 010 | _a86781 | ||
| 011 | _a87753 | ||
| 035 | _a98297 | ||
| 040 | _cCHAP | ||
| 090 | _aTesis | ||
| 100 | 0 | 0 |
_aAlmora Bustos, Isael. _94550 |
| 245 | 1 | 0 |
_aFactibilidad de la producción y comercialización de lilium orgánico en Tlacotepec, municipio de Zacualpan de Amilpas, Morelos _c/por Isael Almora Bustos y Joaquin López González |
| 260 |
_aChapingo, Méx. : _bEl autor, _c2002. |
||
| 300 |
_a141 h. ; _bilus.; mapa |
||
| 502 | _aTesis (Lic. en Economía Agrícola) -- UACH. División de Ciencias Económico-Administrativas | ||
| 590 |
_aALEPH _b10 _c20130110 _lUCH01 _h1451 |
||
| 590 |
_aBATCH-UPD _b10 _c20130110 _lUCH01 _h0228 |
||
| 590 |
_aBATCH-UPD _b10 _c20130110 _lUCH01 _h1551 |
||
| 590 |
_aBATCH-UPD _b10 _c20130409 _lUCH01 _h2251 |
||
| 590 |
_aBATCH-UPD _b10 _c20130914 _lUCH01 _h0243 |
||
| 590 |
_aCONVERSION _b10 _c20130109 _lUCH01 _h1348 |
||
| 650 | 1 | 4 |
_aFlores _xCostos de producción. _941370 |
| 650 | 1 | 4 |
_aFlores _xMorelos. _941393 |
| 650 | 1 | 4 |
_aLilium. _966770 |
| 700 | 0 | 0 |
_aLópez González, Joaquin. _967932 |
| 901 | _aBK | ||
| 905 | _aMayto Villalobos S. | ||
| 942 | _cFOLL | ||
| 949 |
_aTesis _bBC _cTES _d33724000883104 _eTS2 _fc.2 _h39840 _i98297 _si |
||
| 949 |
_aTesis _bBC _cTES _d98297123 _eTS1 _h39841 _i98297 _sb |
||
| 999 |
_c86781 _d86781 |
||